000 00765nam a22002412 4500
001 0000006167
005 20151217154358.0
008 070921s xx 000 0 eng d
020 _a8129705095 :
_cKES 2,998
040 _aKABU
_cKABU
100 1 _aKotler, Philip.
_@0000097559
245 1 0 _aMarketing for hospitality and tourism /
_cPhilip Kotler, John Bowen, James Makens.
250 _a3rd ed.
260 _aDelhi :
_bPearson,
_c1996.
300 _axvii, 893 p.
650 0 _aHospitality industry
_xMarketing.
_@0000157560
650 0 _aTourism
_xMarketing.
_@0000157561
700 1 _aBowen, John.
_@0000091773
700 1 _aMakens, James.
_@0000157562
908 _a070921
950 _@1
999 _c10880
_d10880